MARC

LEADER 00000naa a2200000 a 4500
001 vtls009086111
003 SK-MaSNL
005 20260302144112.0
008 250507e2006 xo b ||ab |||| ||slo
015 |a SNBRA2007/08  |2 snkbucl 
035 |a (uuid)57d5922b-430f-41f3-8739-c31bb614b8a5 
035 |a urn:nbn:sk:snk-abd5gj 
035 |a (urnnbn)urn:nbn:sk:snk:ar-007pxr 
038 |a SNKBUCL 
040 |a SNKBUCL  |b slo  |c SNKBUCL  |e AACR2 
041 0 |a slo  |b eng 
044 |a xo  |c SK 
080 |a 551.4  |x (437.6)  |2 1997 
080 |a 551.43  |x (437.6)  |2 1997 
080 |a 551  |x (437.6)  |2 1997 
100 1 |a Wetter, Richard  |4 aut  |9 834864 
245 1 0 |a Geomorfologický výskum povodia toku Struháreň v Kysuckej vrchovine  |c Richard Wetter 
246 3 1 |a Geomorphological research of the basin of the stream Struháreň in Kysucká vrchovina Upland 
300 |b Mp. 
504 |a Literatúra 
546 |a Res. angl., slov. 
650 0 7 |a georeliéf  |2 snkbucl  |9 635479 
650 0 7 |a morfoštruktúry  |2 snkbucl  |9 834865 
650 0 7 |a pasívne morfoštruktúry  |2 snkbucl  |9 817461 
650 0 7 |a aktívne morfoštruktúry  |2 snkbucl  |9 834866 
650 0 7 |a geomorfologické pomery  |2 snkbucl  |9 834867 
650 0 7 |a geomorfologický výskum  |2 snkbucl  |9 31231 
650 0 7 |a geologická stavba  |2 snkbucl  |9 288802 
650 0 7 |a geomorfologická analýza  |2 snkbucl  |9 834868 
650 0 7 |a hypotéza aktívnych morfoštruktúr  |2 snkbucl  |9 834869 
650 0 7 |a hypotéza pasívnych morfoštruktúr  |2 snkbucl  |9 834870 
651 7 |a Kysucká vrchovina (Slovensko : pohorie)  |2 snkbucl  |9 83757 
651 7 |a Struháreň (Kysucká vrchovina, Slovensko : povodie)  |2 snkbucl  |9 834871 
655 7 |a štúdie  |2 snkbucl  |9 57033 
773 0 |t Vlastivedný zborník Považia. XXIII  |d Žilina : Považské múzeum, 2006  |g S. 130-148  |z 808887744X 
850 |a Slovenská národná knižnica 
852 |a Slovenská národná knižnica 
954 |a odborná, vedecká literatúra pôvodná (slovenská)  |2 lita 
958 |a article17 
958 |a OND 
958 |a NB 
958 |a SK 
958 |a EUIPO 
999 |c 1347430  |d 1349360